Faculty of Law Library — Cairo University

Official Online Catalog

Comprehensive River Basin Development : (Record no. 63913)

MARC details
000 -LEADER
fixed length control field 01050nam a2200313 i 4500
003 - CONTROL NUMBER IDENTIFIER
control field EG-GICUC
005 - DATE AND TIME OF LATEST TRANSACTION
control field 20260221070755.0
008 - FIXED-LENGTH DATA ELEMENTS--GENERAL INFORMATION
fixed length control field 260221s1998 -usabokfr|||| 00| 0 eng d
020 ## - INTERNATIONAL STANDARD BOOK NUMBER
International Standard Book Number 0821343084
040 ## - CATALOGING SOURCE
Original cataloging agency EG-GiCUC
Language of cataloging eng
Transcribing agency EG-GiCUC
Modifying agency EG-GiCUC
Description conventions rda
041 0# - LANGUAGE CODE
Language code of text/sound track or separate title eng
082 04 - DEWEY DECIMAL CLASSIFICATION NUMBER
Edition number 21
Classification number 341.44
Item number CO
092 04 - LOCALLY ASSIGNED DEWEY CALL NUMBER (OCLC)
Edition number 21
099 ## - LOCAL FREE-TEXT CALL NUMBER (OCLC)
Classification number Law1 11 341.44 CO 1998
245 00 - TITLE STATEMENT
Title Comprehensive River Basin Development :
Remainder of title The Tennessee Valley Authority /
Statement of responsibility, etc. Edited by Barbara A. Miller, and Richard B. Reidinger.
264 #1 - PRODUCTION, PUBLICATION, DISTRIBUTION, MANUFACTURE, AND COPYRIGHT NOTICE
Place of production, publication, distribution, manufacture Washington :
Name of producer, publisher, distributor, manufacturer The World Bank,
Date of production, publication, distribution, manufacture, or copyright notice 1998.
300 ## - PHYSICAL DESCRIPTION
Extent 86 pages :
Other physical details illustrations,
Dimensions 30 cm
336 ## - CONTENT TYPE
Source rda content
Content type term text
337 ## - MEDIA TYPE
Source rda media
Media type term Computer
338 ## - CARRIER TYPE
Source rda carrier
Carrier type term Online Resource
490 ## - SERIES STATEMENT
Series statement World Bank Technical Paper
Volume/sequential designation No. 418
546 ## - LANGUAGE NOTE
Language note Text in English
650 14 - SUBJECT ADDED ENTRY--TOPICAL TERM
Topical term or geographic name entry element Public international law
700 1# - ADDED ENTRY--PERSONAL NAME
Personal name Miller , Barbara A.
Relator term editor.
700 1# - ADDED ENTRY--PERSONAL NAME
Personal name Reidinger, Richard B
Relator term editor.
856 40 - ELECTRONIC LOCATION AND ACCESS
Uniform Resource Identifier <a href="https://fll.law.cu.edu.eg/fulltext/bks/B11-08085.pdf">https://fll.law.cu.edu.eg/fulltext/bks/B11-08085.pdf</a>
905 ## - Cataloger and Reviser Names
Cataloger Name: Basma Mohamed
942 ## - ADDED ENTRY ELEMENTS (KOHA)
Source of classification or shelving scheme Dewey Decimal Classification
Koha item type Books
Edition 21
Suppress in OPAC No
Holdings
Withdrawn status Lost status Source of classification or shelving scheme Damaged status Not for loan Collection Home library Current library Date acquired Total checkouts Full call number Barcode Date last seen Copy number Price effective from Koha item type
    Dewey Decimal Classification   Not for loan القانون الدولي الخاص جــــامعة القــاهرة مكتبة كلية الحقوق - المبنى الرئيسي 21.02.2026   Law1 11 341.44 CO 1998 1108085 C1 B11-08085 21.02.2026 1 21.02.2026 Books

© All rights reserved — Faculty of Law, Cairo University